Państwa w czasach Potopu - Statystyki

Ogólne statystyki
  • Ten quiz został rozwiązany 74 razy
    59 od ostatniego zresetowania
  • Średni wynik to 10 z 42
Statystyki odpowiedzi
Państwo % Poprawnych
Rzeczpospolita Obojga Narodów
82%
Francja
69%
Hiszpania
67%
Imperium Osmańskie
59%
Królestwo Szwecji
59%
Anglia
53%
Carstwo Rosyjskie
49%
Szkocja
45%
Irlandia
41%
Państwo Kościelne
35%
Mołdawia
31%
Bawaria
27%
Brandenburgia
27%
Królestwo Portugalii
27%
Saksonia
27%
Neapol
25%
Szwajcaria
25%
Chanat Krymski
24%
Japonia
24%
Wołoszczyzna
22%
Republika Wenecka
20%
Kurlandia
16%
Luksemburg
16%
San Marino
16%
Siedmiogród
16%
Prusy Książęce
14%
Święte Cesarstwo Rzymskie
14%
Czarnogóra
12%
Toskania
12%
Arcyksięstwo Austrii
8%
Królestwo Danii i Norwegii
8%
Meklemburg
8%
Chiny Qing
6%
Iran
6%
Mediolan
6%
Genua
4%
Królestwo Zjednoczonych Niderlandów
4%
Joseon
2%
Saubadia
2%
13 Kolonii
0%
Czerkiesja
0%
Maroko
0%
Nie znaleziono quizów pasujących do podanych kryteriów
Rozkład punktacji
Procent ludzi z każdym wynikiem
Percentyl według liczby udzielonych odpowiedzi
Twoja historia wyników
Nie rozwiązałeś tego quizu od ostatniego zresetowania